ბათუმის შოთა რუსთაველის სახელმწიფო უნივერსიტეტის ბიბლიოთეკა

”ბრწყინვალე ბუნება, ბრწყინვალე ხალხი, ბრწყინვალე არქიტექტურა” / (ბიბ.ჩანაწერი № 46910)

000 -ლიდერი
ფიქსირებული სიგრძის საკონტროლო ველი 01665nam a2200289Ia 4500
001 - საკონტროლო ნომერი
საკონტროლო ველი 13763
003 - საკონტროლო ნომრის იდენტიფიკატორი
საკონტროლო ველი GE_BSU
005 - ბოლო ოპერაციის თარიღი და დრო
საკონტროლო ველი 20241010110214.0
008 - ფიქსირებული სიგრძის მონაცემთა ელემენტები - ზოგადი ინფორმაცია
ფიქსირებული სიგრძის საკონტროლო ველი 181216s2011||||ge |||||||||||||| ||geo||
020 ## - წიგნის საერთაშორისო სტანდარტული ნომერი
International Standard Book Number 9789941427084
040 ## - კატალოგიზაციის წყარო
Transcribing agency GE_BSU
041 ## - ენის კოდი
Language code of text/sound track or separate title geo
080 ## - უნივერსალური ათობითი კლასიფიკაციის ინდექსი
Universal Decimal Classification number 72.071.1(479.22) დ-15
100 ## - მთავარი ჩანაწერი - პიროვნების სახელი
Personal name დავითაია, მაია
9 (RLIN) 21009
245 ## - ცნობა სათაურის შესახებ
Title ”ბრწყინვალე ბუნება, ბრწყინვალე ხალხი, ბრწყინვალე არქიტექტურა” /
Statement of responsibility, etc მაია დავითაია ; დიზაინი ანა გვაზავა ; ფოტო გურამ წიბახაშვილის.
264 ## - წარმოების, გამოცემის, დისტრიბუციის და სხვა ცნობები
გამოცემის, წარმოების, დისტრიბუციის... ადგილი თბილისი :
გამოცემის, წარმოების, დისტრიბუციის... სახელწოდება საარი,
გამოცემის, წარმოების, დისტრიბუციის... თარიღი 2011.
300 ## - ფიზიკური აღწერა
Extent 336 გვ. ;
Dimensions 20 სმ.
500 ## - ზოგადი შენიშვნა
General note სათაური აღებულია არქიტექტურის საერთაშორისო აკადემიის პრეზიდენტის გიორგი სტოილოვის სტატიიდან
504 ## - BIBLIOGRAPHY, ETC. NOTE
Bibliography, etc სტატიების ბიბლიოგრ. : გვ. 7
546 ## - LANGUAGE NOTE
Language note ტექსტი ქართულ და რუსულ ენებზე
653 ## - INDEX TERM--UNCONTROLLED
Uncontrolled term ”ბრწყინვალე ბუნება"
653 ## - INDEX TERM--UNCONTROLLED
Uncontrolled term ბრწყინვალე ხალხი
653 ## - INDEX TERM--UNCONTROLLED
Uncontrolled term ბრწყინვალე არქიტექტურა
700 ## - ADDED ENTRY--PERSONAL NAME
Personal name გვაზავა, ანა
Relator term დიზაინი
9 (RLIN) 23384
700 ## - ADDED ENTRY--PERSONAL NAME
Personal name წიბახაშვილი, გურამ
Relator term ფოტო
9 (RLIN) 5810
942 ## - ADDED ENTRY ELEMENTS (KOHA)
Koha item type წიგნი
Source of classification or shelving scheme
ეგზემპლარები
ჩამოწერის სტატუსი დაკარგული ეგზემპლარის სტატუსი კლასიფიკაციის წყარო ან თაროზე გაწყობის სქემა დაზიანების სტატუსი არ გაიცემა მუდმივი მდებარეობა (დაცვის ადგილი) ამჟამინდელი ადგილსამყოფელი თაროზე განთავსების ადგილი შეძენის თარიღი სრული შენახვის შიფრი შტრიხკოდი ბოლო ოპერაციის თარიღი ეგზემპლარის მიმდევრობითი ნომერი (კეტერი?) ფასის ძალაში შესვლის თარიღი ეგზემპლარის სახეობა
          ბათუმის შოთა რუსთაველის სახელმწიფო უნივერსიტეტის მთავარი ბიბლიოთეკა ბათუმის შოთა რუსთაველის სახელმწიფო უნივერსიტეტის მთავარი ბიბლიოთეკა წიგნსაცავი 2018-12-17 72.071.1(479.22) დ-15 27276 2018-12-17 27276 2018-12-17 წიგნი